00637nam a2200145Ia 4500008004100000020001500041050001600056245009900072260003200171300001800203490003100221505018300252650002700435700002900462120626s1975 sp 000 0 spa d a8425409624 aHQ56bE381813aLa educación sexualc / Marcello Peretti... [et al.]; traducción de Antonio Martínez Riu3 aEspañab : Herderc, 1975 a379 páginas a(Sección de Pedagogía) aLa interpretación de la sexualidad Problemas de la educación sexual en la edad evolutiva Metodología de la educación La formación sexual en las instituciones educativas aEDUCACIÒN SEXUALIDAD aPeretti, Marcelloeautor